[Event "FRA-chT U20 0203"]
[Site "Clichy"]
[Date "2003.05.03"]
[Round "9.8"]
[White "Ledouble, Ugo"]
[Black "Kohi, Camilla"]
[Result "1-0"]
[WhiteElo "1250"]
[BlackElo "1380"]
[PlyCount "77"]
[EventDate "2002.12.??"]
[EventType "team-tourn"]
[EventRounds "11"]
[EventCountry "FRA"]
[SourceTitle "EXT 2004"]
[Source "ChessBase"]
[SourceDate "2003.11.25"]
[SourceVersion "1"]
[SourceVersionDate "2003.11.25"]
[SourceQuality "1"]
[WhiteTeam "Cannes"]
[BlackTeam "Creteil"]
[WhiteTeamCountry "FRA"]
[BlackTeamCountry "FRA"]

1. e4 d5 2. exd5 Nf6 3. Nc3 Nxd5 4. Ne4 Bf5 5. Ng3 Bd7 6. Bc4 Nb6 7. Bb3 c5 8. c3 e5 9. Nf3 Nc6 10. Qe2 Bd6 11. d4 cxd4 12. cxd4 0-0 13. dxe5 Nxe5 14. Nxe5 Bxe5 15. 0-0 Re8 16. Qh5 Be6 17. Bc2 g6 18. Qxe5 Bb3 19. Qc3 Bxc2 20. Qxc2 Rc8 21. Qd2 Qe7 22. h3 Rcd8 23. Qc3 Nd5 24. Qf3 Qe5 25. Bd2 Qxb2 26. Bg5 f6 27. Bh6 g5 28. Nh5 Re6 29. Rab1 Qc3 30. Qxc3 Nxc3 31. Rxb7 Nxa2 32. Rxa7 Nc3 33. f4 Ne2+ 34. Kh1 gxf4 35. Bxf4 Rf8 36. Bh6 Rf7 37. Ra8+ Re8 38. Rxe8+ Rf8 39. Rxf8# 1-0

[Event "FRA-chT U20 0203"]
[Site "Clichy"]
[Date "2003.05.02"]
[Round "8.9"]
[White "Ledouble, Ugo"]
[Black "Netzer, Jacques"]
[Result "0-1"]
[WhiteElo "1250"]
[BlackElo "1780"]
[PlyCount "64"]
[EventDate "2002.12.??"]
[EventType "team-tourn"]
[EventRounds "11"]
[EventCountry "FRA"]
[SourceTitle "EXT 2004"]
[Source "ChessBase"]
[SourceDate "2003.11.25"]
[SourceVersion "1"]
[SourceVersionDate "2003.11.25"]
[SourceQuality "1"]
[WhiteTeam "Cannes"]
[BlackTeam "Bischwiller"]
[WhiteTeamCountry "FRA"]
[BlackTeamCountry "FRA"]

1. e4 c5 2. Nf3 Nc6 3. d4 cxd4 4. Nxd4 Nf6 5. c4 Nxe4 6. Bd3 Nxf2 7. Kxf2 Nxd4 8. Rf1 Nc6 9. Qf3 Ne5 10. Qf5 Nxd3+ 11. Qxd3 Qb6+ 12. Be3 Qxb2+ 13. Kg1 Qxa1 14. Nc3 Qb2 15. Rb1 Qa3 16. Rb3 Qd6 17. Nd5 b6 18. Bf4 e5 19. Qe4 f6 20. Nxf6+ gxf6 21. Qxa8 Qc6 22. Qxa7 exf4 23. Qb8 Bd6 24. Qa7 Qxc4 25. Qxb6 Bc5+ 26. Qxc5 Qxc5+ 27. Kf1 Qc2 28. Rf3 Ba6+ 29. Kg1 Qd1+ 30. Kf2 Qe2+ 31. Kg1 Qe1+ 32. Rf1 Qxf1# 0-1

[Event "FRA-chT U20 0203"]
[Site "Clichy"]
[Date "2003.01.05"]
[Round "7.10"]
[White "Ledouble, Ugo"]
[Black "Sochacki, Christophe"]
[Result "0-1"]
[WhiteElo "1360"]
[BlackElo "1580"]
[PlyCount "67"]
[EventDate "2002.12.??"]
[EventType "team-tourn"]
[EventRounds "11"]
[EventCountry "FRA"]
[SourceTitle "EXT 2004"]
[Source "ChessBase"]
[SourceDate "2003.11.25"]
[SourceVersion "1"]
[SourceVersionDate "2003.11.25"]
[SourceQuality "1"]
[WhiteTeam "Cannes"]
[BlackTeam "AECE"]
[WhiteTeamCountry "FRA"]
[BlackTeamCountry "FRA"]

1. e4 c5 2. Nc3 d6 3. f4 g6 4. Nf3 Bg7 5. Bc4 Nc6 6. 0-0 e6 7. d3 Nge7 8. Qe1 0-0 9. Bb3 Bd7 10. Qh4 Nc8 11. Qh3 e5 12. Qg3 Nb6 13. a3 Be6 14. Ng5 Bxb3 15. cxb3 h6 16. Nf3 Nd7 17. Be3 Nd4 18. Nd2 Nf6 19. f5 Qe8 20. Rae1 Nc2 21. Rc1 Nxe3 22. Qxe3 Kh7 23. Qh3 b5 24. b4 cxb4 25. axb4 Nh5 26. Nd5 Nf4 27. Nxf4 exf4 28. Rxf4 Qe5 29. Rf3 Qxb2 30. Rd1 Qc2 31. Rff1 Bc3 32. Qe3 Qb2 33. Qe2 Rae8 34. h3 0-1

[Event "FRA-chT U20 0203"]
[Site "Clichy"]
[Date "2003.01.04"]
[Round "5.10"]
[White "Ledouble, Ugo"]
[Black "Lemeille, Francois"]
[Result "0-1"]
[WhiteElo "1360"]
[BlackElo "1230"]
[PlyCount "104"]
[EventDate "2002.12.??"]
[EventType "team-tourn"]
[EventRounds "11"]
[EventCountry "FRA"]
[SourceTitle "EXT 2004"]
[Source "ChessBase"]
[SourceDate "2003.11.25"]
[SourceVersion "1"]
[SourceVersionDate "2003.11.25"]
[SourceQuality "1"]
[WhiteTeam "Cannes"]
[BlackTeam "Bois Colombes"]
[WhiteTeamCountry "FRA"]
[BlackTeamCountry "FRA"]

1. e4 e5 2. Nf3 Nc6 3. Bc4 Nf6 4. Nc3 Nxe4 5. Nxe4 d5 6. Bd3 dxe4 7. Bxe4 Bg4 8. d3 Bc5 9. 0-0 0-0 10. h3 Bxf3 11. Qxf3 Nd4 12. Qh5 f5 13. Bxb7 Rb8 14. Ba6 Rf6 15. Bc4+ Kh8 16. c3 g6 17. Qh4 Ne2+ 18. Kh1 f4 19. d4 exd4 20. Bxe2 dxc3 21. bxc3 Rbb6 22. Bxf4 Qd5 23. Qg5 Qe6 24. Bc4 Qxc4 25. Be5 Kg7 26. Bxf6+ Rxf6 27. Qe5 Bd6 28. Qd4 Qe6 29. Rfe1 Qf7 30. Qxa7 Rxf2 31. Kg1 Rf4 32. Rac1 Rc4 33. a4 Bc5+ 34. Qxc5 Rxc5 35. Re2 Qf4 36. Rd1 Qxa4 37. Rde1 Rxc3 38. Re7+ Kf6 39. R1e6+ Kf5 40. Re5+ Kf4 41. Re4+ Qxe4 42. Rxe4+ Kxe4 43. Kh2 Re3 44. g4 c5 45. h4 c4 46. h5 g5 47. h6 c3 48. Kg2 c2 49. Kf2 c1Q 50. Kg2 Qc2+ 51. Kf1 Rd3 52. Ke1 Rd1# 0-1

[Event "FRA-chT U20 0203"]
[Site "Clichy"]
[Date "2003.01.04"]
[Round "6.9"]
[White "Moussard, Jules"]
[Black "Ledouble, Ugo"]
[Result "1-0"]
[WhiteElo "1620"]
[BlackElo "1360"]
[PlyCount "71"]
[EventDate "2002.12.??"]
[EventType "team-tourn"]
[EventRounds "11"]
[EventCountry "FRA"]
[SourceTitle "EXT 2004"]
[Source "ChessBase"]
[SourceDate "2003.11.25"]
[SourceVersion "1"]
[SourceVersionDate "2003.11.25"]
[SourceQuality "1"]
[WhiteTeam "Paris NAO"]
[BlackTeam "Cannes"]
[WhiteTeamCountry "FRA"]
[BlackTeamCountry "FRA"]

1. e4 e5 2. d4 Nc6 3. d5 Nce7 4. Nf3 Nf6 5. Nc3 Ng6 6. h4 Bc5 7. h5 Ne7 8. Nxe5 d6 9. Nd3 Bd4 10. f3 0-0 11. Bd2 c6 12. dxc6 Nxc6 13. Qe2 d5 14. 0-0-0 Qb6 15. Nxd5 Nxd5 16. exd5 Ne5 17. c3 Nxd3+ 18. Qxd3 Bc5 19. g4 Bd7 20. g5 Bb5 21. Qxb5 Qxb5 22. Bxb5 Rad8 23. Bf4 a6 24. Ba4 b5 25. Bc2 a5 26. Bc7 Ra8 27. d6 a4 28. d7 Be7 29. f4 f6 30. g6 h6 31. Rhe1 f5 32. Rxe7 a3 33. b4 Kh8 34. d8Q Raxd8 35. Rxd8 Kg8 36. Bb3+ 1-0

[Event "FRA-chT U20 0203"]
[Site "Clichy"]
[Date "2002.12.01"]
[Round "3.7"]
[White "Ledouble, Ugo"]
[Black "Cabanes, Kim"]
[Result "0-1"]
[WhiteElo "1360"]
[BlackElo "1580"]
[PlyCount "98"]
[EventDate "2002.12.??"]
[EventType "team-tourn"]
[EventRounds "11"]
[EventCountry "FRA"]
[SourceTitle "EXT 2004"]
[Source "ChessBase"]
[SourceDate "2003.11.25"]
[SourceVersion "1"]
[SourceVersionDate "2003.11.25"]
[SourceQuality "1"]
[WhiteTeam "Cannes"]
[BlackTeam "Pau"]
[WhiteTeamCountry "FRA"]
[BlackTeamCountry "FRA"]

1. e4 c6 2. Nf3 d5 3. Nc3 d4 4. Na4 e6 5. Bc4 b5 6. Bb3 c5 7. c4 bxa4 8. Bxa4+ Bd7 9. 0-0 Bd6 10. e5 Bc7 11. d3 Ne7 12. Bg5 Nbc6 13. Qe2 0-0 14. Qe4 Nxe5 15. Bxd7 Nxf3+ 16. Qxf3 Qxd7 17. Qg4 Qc6 18. g3 Rab8 19. Bh6 Ng6 20. Bc1 Ne5 21. Qh5 Nxd3 22. Bg5 Nxb2 23. Bf4 e5 24. Bg5 Nxc4 25. Qg4 Qg6 26. Rac1 Nd6 27. Rxc5 Nb5 28. Rb1 a6 29. a4 Qxb1+ 30. Rc1 Qg6 31. axb5 Bd8 32. bxa6 Qxg5 33. a7 Qxc1+ 34. Kg2 Qc6+ 35. f3 Rb2+ 36. Kh3 Qh6+ 37. Qh4 Qxh4+ 38. gxh4 Bb6 39. a8Q Rxa8 40. Kg3 Raa2 41. Kg4 Rg2+ 42. Kf5 f6 43. h3 Bd8 44. h5 g6+ 45. hxg6 hxg6+ 46. Ke6 Ra7 47. Kd5 Rc2 48. Ke4 Ra3 49. h4 f5+ 0-1